Taking sides : (Record no. 1962)

MARC details
000 -LEADER
fixed length control field 00827cam a22002292 4500
001 - CONTROL NUMBER
control field 0000002150
005 - DATE AND TIME OF LATEST TRANSACTION
control field 20151217145727.0
008 - FIXED-LENGTH DATA ELEMENTS--GENERAL INFORMATION
fixed length control field 070403s xx 000 0 eng d
020 ## - INTERNATIONAL STANDARD BOOK NUMBER
International Standard Book Number 0697391086 :
040 ## - CATALOGING SOURCE
Original cataloging agency KABU
Transcribing agency KABU
050 #0 - LIBRARY OF CONGRESS CALL NUMBER
Classification number HF5387.5
Item number .U5T35 1998
245 10 - TITLE STATEMENT
Title Taking sides :
Remainder of title clashing views on controversial issues in business ethics and society /
Statement of responsibility, etc. edited, selected, and with introductions by Lisa H. Newton and Maureen M. Ford.
250 ## - EDITION STATEMENT
Edition statement 5th ed.
260 ## - PUBLICATION, DISTRIBUTION, ETC. (IMPRINT)
Place of publication, distribution, etc. Guilford, Connecticut :
Name of publisher, distributor, etc. Dushkin/McGraw-Hill,
Date of publication, distribution, etc. c1998.
300 ## - PHYSICAL DESCRIPTION
Extent xxv, 356 p. ;
Dimensions 24 cm.
650 #0 - SUBJECT ADDED ENTRY--TOPICAL TERM
Topical term or geographic name as entry element Business ethics
Geographic subdivision United States.
-- 0000151401
700 1# - ADDED ENTRY--PERSONAL NAME
Personal name Newton, Lisa H.
-- 0000151402
700 1# - ADDED ENTRY--PERSONAL NAME
Personal name Ford, Maureen M.
-- 0000151403
908 ## - PUT COMMAND PARAMETER (RLIN)
Put command parameter 070403
950 ## - LOCAL HOLDINGS (RLIN)
-- 1
Holdings
Withdrawn status Lost status Source of classification or shelving scheme Not for loan Home library Current library Date acquired Total Checkouts Full call number Barcode Date last seen Date last checked out Price effective from Koha item type
    Library of Congress Classification   Kabarak, Main Campus Kabarak, Main Campus 17/12/2015 1 HF5387.5 .U5T35 1998 C.1 001761 14/10/2016 15/07/2016 17/12/2015 General Collection
    Library of Congress Classification   Kabarak, Main Campus Kabarak, Main Campus 17/12/2015 2 HF5387.5 .U5T35 1998 001762 19/06/2017 03/04/2017 17/12/2015 General Collection
    Library of Congress Classification   Kabarak, Main Campus Kabarak, Main Campus 17/12/2015 1 HF5387.5 .U5T35 1998 c.3 001763 14/10/2016 15/07/2016 17/12/2015 General Collection
Designed with assistance from East African Informatics Ltd